Word Ladder: Vice President Quiz Stats

 Plays Quiz Updated May 11, 2016

Challenge
Share
Tweet
Embed
Score 0/21 Timer 02:00
5 Plays Today
Clue 5-letter word % Correct
____ of the UnionSTATE
93.3%
Look at fixedlySTARE
92.6%
Strike alternative, in bowlingSPARE
91.1%
North Pole toymakersELVES
86.9%
Travels by airFLIES
80%
Sports numbersSTATS
73.7%
ApartmentsFLATS
71.2%
Conceals oneselfHIDES
69.5%
Parts of a Venetian blindSLATS
68%
Author Wiesel and othersELIES
66.5%
Boleyn and HathawayANNES
65.9%
Clue 5-letter word % Correct
Moves like a dragonflyFLITS
63.5%
World's longest continental mountain rangeANDES
62.4%
Church's steeple e.g.SPIRE
61.9%
HelpersAIDES
59%
Icicles may hang from themEAVES
52.9%
Pluto's realmHADES
45.6%
First name of Richard Nixon's Vice PresidentSPIRO
42.4%
Those with wealthHAVES
40.2%
Moorehead who played Endora on 'Bewitched'AGNES
36.3%
Last name of Richard Nixon's Vice PresidentAGNEW
35.8%

Today's Daily Dose

You're not logged in!

Compare scores with friends on all Sporcle quizzes.
OR
Log In

You Might Also Like...

Show Comments

Extras

Top Quizzes Today


Score Distribution

Your Account Isn't Verified!

In order to create a playlist on Sporcle, you need to verify the email address you used during registration. Go to your Sporcle Settings to finish the process.

Report this User

Report this user for behavior that violates our Community Guidelines.

Details: